00566nam a2200133 a 4500008004100000050002800041110006000069245016000129260003800289300002000327350000900347500004400356650003200400150505s1984 ||||||||||||||||| || u aGOV.ZAM(05)DPD/1984/65Y aGovernment of the Republic of Zambia. National Assembly10aRepublic of Zambia. Daily parliamentary debates, official verbatim report of the debates of the first session (resumed)... (1984)cBy the National Assembly aLusaka:bGovernment Printerc1984 avarious pagings a0.00 aLIBRARY HOLDINGS:1982, August-November. aDAILY PARLIAMENTARY DEBATES